|
|
|
|
| LEADER |
01590nam a22003854a 4500 |
| 001 |
EBC227407 |
| 003 |
MiAaPQ |
| 005 |
20200520144314.0 |
| 006 |
m o d | |
| 007 |
cr cn||||||||| |
| 008 |
041207s2005 nju s 001 0 eng |
| 010 |
|
|
|z 2004029115
|
| 020 |
|
|
|z 0471706167 (pbk.)
|
| 035 |
|
|
|a (MiAaPQ)EBC227407
|
| 035 |
|
|
|a (Au-PeEL)EBL227407
|
| 035 |
|
|
|a (CaPaEBR)ebr10114254
|
| 035 |
|
|
|a (CaONFJC)MIL25529
|
| 035 |
|
|
|a (OCoLC)304139872
|
| 040 |
|
|
|a MiAaPQ
|c MiAaPQ
|d MiAaPQ
|
| 050 |
|
4 |
|a HD61
|b .H58 2005
|
| 082 |
0 |
4 |
|a 658.15/5
|2 22
|
| 100 |
1 |
|
|a Horcher, Karen A.
|
| 245 |
1 |
0 |
|a Essentials of financial risk management
|h [electronic resource] /
|c Karen A. Horcher.
|
| 260 |
|
|
|a Hoboken, N.J. :
|b Wiley,
|c c2005.
|
| 300 |
|
|
|a 257 p.
|
| 490 |
1 |
|
|a Essentials series
|
| 500 |
|
|
|a Includes index.
|
| 505 |
0 |
|
|a What is financial risk management? -- Identifying major market risks -- Managing interest rate risk -- Foreign exchange risk management -- Managing credit risk -- Commodity risk management -- Operational risk -- Risk management framework : policy and hedging -- Estimating risk -- Global efforts in financial risk management.
|
| 533 |
|
|
|a Electronic reproduction. Ann Arbor, MI : ProQuest, 2015. Available via World Wide Web. Access may be limited to ProQuest affiliated libraries.
|
| 650 |
|
0 |
|a Risk management.
|
| 650 |
|
0 |
|a Financial futures.
|
| 655 |
|
4 |
|a Electronic books.
|
| 710 |
2 |
|
|a ProQuest (Firm)
|
| 830 |
|
0 |
|a Essentials series.
|
| 856 |
4 |
0 |
|u https://ebookcentral.proquest.com/lib/matrademy/detail.action?docID=227407
|z Click to View
|